El nombre secreto : la aventura escrita en las runas /

Guardado en:
Autor Principal: No, Laura
Formato: Libro
Publicado: Buenos Aires : Estrada, 2007
Series:Azulejos niños
Materias:
Etiquetas: Agregar Etiqueta
Sin Etiquetas, Sea el primero en etiquetar este registro!
LEADER 00743nam a22002655a 4500
001 CEM.cems018496
005 20151027103201.0
008 130507s2007##################000#0#####d
003 CEMS
020 |a 9789500110617 
082 0 4 |a A863.4 
100 1 |a No, Laura 
245 1 0 |a El nombre secreto :  |b la aventura escrita en las runas /  |c Laura No 
260 |a Buenos Aires :  |b Estrada,  |c 2007 
300 |a 176 p. 
490 0 |a Azulejos niños 
653 |a Literatura 
653 |a Literatura argentina 
653 |a Narrativa 
653 |a Narrativa argentina 
653 |a Novelas 
653 |a Novela juvenil 
653 |a Novela de aventuras 
653 |a Literatura juvenil 
859 |a CEMS  |b BIB. CEMS - Agricultura  |h A863.4  |i N659  |p A2220.15  |t Ej.1